[Event "FRA-ch U14"]
[Site "Saint Paul Trois Chateaux"]
[Date "2013.04.28"]
[Round "1"]
[White "Meunier, Clement1111"]
[Black "Legrand, Antoine"]
[Result "1-0"]
[WhiteElo "2004"]
[BlackElo "1678"]
[PlyCount "41"]
[EventDate "2013.04.28"]
[EventType "swiss"]
[EventRounds "9"]
[EventCountry "FRA"]
[SourceTitle "CBM 154 Extra"]
[Source "ChessBase"]
[SourceDate "2013.06.25"]
[SourceVersion "2"]
[SourceVersionDate "2013.06.25"]
[SourceQuality "1"]

1. d4 d5 2. c4 e5 3. dxe5 d4 4. Nf3 Nc6 5. a3 Bg4 6. Nbd2 Nge7 7. h3 Be6 8. Nb3 Bxc4 9. Nbxd4 Nxd4 10. Nxd4 Qd7 11. Bf4 0-0-0 12. e3 c5 13. Bxc4 cxd4 14. Rc1 Nc6 15. Qa4 dxe3 16. 0-0 exf2+ 17. Kh1 Qd4 18. Rfd1 f1Q+ 19. Rxf1 Qxb2 20. Ba6 Qb6 21. Rxc6+ 1-0

[Event "FRA-ch U12"]
[Site "Montlucon"]
[Date "2011.04.21"]
[Round "6"]
[White "Legrand, Antoine"]
[Black "Aghamir Alrobiai, Nizar"]
[Result "0-1"]
[WhiteElo "1603"]
[BlackElo "1720"]
[PlyCount "60"]
[EventDate "2011.04.17"]
[EventType "swiss"]
[EventRounds "9"]
[EventCountry "FRA"]
[SourceTitle "CBM 142 Extra"]
[Source "ChessBase"]
[SourceDate "2011.06.27"]
[SourceVersion "1"]
[SourceVersionDate "2011.06.27"]
[SourceQuality "1"]

1. e4 e6 2. d4 d5 3. exd5 exd5 4. Nf3 Bg4 5. Be2 Nf6 6. 0-0 Be7 7. Nc3 0-0 8. Bf4 Nbd7 9. Nb5 c6 10. Nc3 Qb6 11. a3 Bxf3 12. Bxf3 Qxb2 13. Na4 Qb5 14. c3 Qa5 15. Rb1 b5 16. Re1 Rfe8 17. Nb2 Bf8 18. a4 Rxe1+ 19. Qxe1 Re8 20. Qd2 bxa4 21. Ra1 a3 22. Nd3 Ne4 23. Bxe4 Rxe4 24. f3 Re6 25. Nb4 Qb5 26. Rxa3 a5 27. Qb2 axb4 28. cxb4 Be7 29. Rb3 Re1+ 30. Kf2 Bh4+ 0-1